Astérix e os bretões (Registo nº 462)

Detalhes MARC
000 -Etiqueta do registo
Cabeçalho 00835cam a2200313 4500
005 - Identificador da versão
Campo de controlo 20240822121841.0
010 ## - Número internacional normalizado dos livros (ISBN)
Número (ISBN) 9724500659
021 ## - Número do Depósito Legal
Código do país PT
Número 100393/96
035 ## - Other System Control Numbers
System Control Number 0000477
System Control Number 0000475
System Control Number 0000475
System Control Number 0000468
100 ## - Dados gerais de processamento
Dados gerais de processamento 19970506e199619 d y0pory5003 ba
101 1# - Língua de publicação
Língua do texto, banda sonora, etc. Português
Língua do documento no original Francês
102 ## - Pais de publicação ou produção
País de publicação Portugal
105 ## - Campo de dados codificados: livros
Dados codificados dos livros a z 000yy
106 ## - Campo de dados codificados: material textual
Dados codificados do material textual r
200 1# - Titulo e menção de responsabilidade
Título próprio Astérix e os bretões
Primeira menção de responsabilidade texto de Goscinny
Outras menções de responsabilidade des. de Uderzo
205 ## - Menção da edição
Menção da edição Reimp
210 ## - Publicação, Distribuição, etc. 
Lugar da edição, distribuição, etc. Lisboa
Nome do editor, distribuidor, etc. Meribérica/Liber
Data da publicação, distribuição, etc. 1996
215 ## - Descrição física 
Indicação específica da natureza do documento e extensão da espécie 48 p.
Outras indicações físicas todo il.
Dimensões 29 cm
225 2# - Colecção 
Título próprio da colecção Uma aventura de Astérix o gaulês
304 ## - Notas relativas a título e menção de responsabilidade 
Texto da nota Tít. orig.: Astérix chez les Bretons
675 ## - Classificação Decimal Universal (CDU)
Notação 087.5
Edição BN
Língua da edição por
Edição BN
Língua da edição por
700 ## - Nome de autor-pessoa física (responsabilidade principal)
Número de registo de entrada de autoridade 0000531
Palavra de ordem Goscinny
Datas 1926-1978
701 ## - Nome de autor-pessoa física (co-responsabilidade principal)
Palavra de ordem Uderzo
Outra parte do nome não tomada para palavra de ordem Albert
Datas 1927-
Código de função Ilustrador / Técnico de desenho computorizado
942 ## - Elementos de entrada adicionados (Koha)
Tipo de item no Koha Livro
Exemplares
Situação do levantamento Origin of item (home branch) (coded) Biblioteca de empréstimo Código de barras Cota Circulation type (not for loan) Tipo de documento Nota do exemplar Damaged status
  Biblioteca Escolar Eng. Nuno Mergulhão Biblioteca Escolar Eng. Nuno Mergulhão BENM479 8BD GOS   Livro Sem mensagem